01396nam a22002297a 450000500170000000800410001704000290005804100080008708200140009510000330010924200540014224500470019626001260024330000320036949000620040150005120046350501030097550600210107854600130109965000300111265000240114220230616140314.0220113s1933 enk||||fr|||| 00| f eng d cSandra YazodSandra Yazo0 aeng04220a823.91 aCharteris, Leslied1907-199303aEl Santo. Terror Sagrado.cLeslie Charterisyspa14aThe holy terrorcLeslie Charles Bowyer Yin aLondon [Londres] (Inglaterra)bHodder and Stoughton ; Wyman & Sons Ltd. [Hodder y Stoughton ; Wyman & Hijos, Ltda.]c1933 a320 págínasc18 x 12 cm0 aH & S Yellow Jacket [H. Y S. Sobrecubierta Amarilla]v251 aDetalles físicos: Encuadernación rígida en cartón forrado en tela texturizada y repujada. Impresión en negro sobre el lomo (con las iniciales S. H., de Hodder and Stoughton). Sobrecubierta (dañados en bordes) y solapas de papel, con imágenes en colores. Guardas. Hoja de cortesía. Anteportada. Portada impresa en una sola tinta: datos del libro enmarcados en orla decorativa. Texto impreso en una sola columna, con diferentes tipos y tamaños de letra. Índices. Tapa posterior desgarrada.0 aLa Agencia tributaria ; El día de un millón de libras ; La melancólica jornada de Mr. Teal.  aConsulta en sala aInglés 7aNovela policiaca inglesa  7aLiteratura inglesa